Pomoc handicapovaným

Bibliographic Details
Main Author: Turčanová, J. (Author)
Format: Article
Language:Slovak
Subjects:

MARC

LEADER 00000nab a2200000 a 4500
001 vtls000892615
003 SK-MaSNL
005 20260302175947.0
008 040720e19940606xo 0 slo
035 |a KE1651 
040 |a KEVKJB  |b slo  |c KEVKJB  |e AACR2 
041 0 |a slo 
044 |a xo  |c SK 
080 |a 615.477.2  |2 1981 
100 1 |a Turčanová, J.  |4 aut  |9 887300 
245 1 0 |a Pomoc handicapovaným 
650 0 7 |a náhrady telové  |2 KEVKJB  |9 888270 
650 0 7 |a výroba  |2 KEVKJB  |9 15916 
650 0 7 |a podnikanie súkromné  |2 KEVKJB  |9 375683 
650 0 7 |a služby poskytované  |2 KEVKJB  |9 881085 
650 0 7 |a správy  |2 KEVKJB  |9 276219 
651 7 |a Košice (Slovensko)  |2 KEVKJB  |9 18694 
651 7 |a KE,  |2 KEVKJB  |9 877256 
651 7 |a KE,  |2 KEVKJB  |9 877256 
655 7 |a periodikum  |2 snkbucl  |9 29553 
773 0 8 |t Roľnícke novinky  |g Roč. 28, č.130, 6.6.1994, s. 4 
852 |a ZVYKNI  |b KIS3GCP 
999 |c 1408946  |d 1410876